[Event "ZN-2013-0-02413"]
[Site "LSS email"]
[Date "2013.08.16"]
[Round "?"]
[White "Bengoa Barrena, Josu"]
[Black "Venturas, Bob"]
[Result "0-1"]
[WhiteElo "817"]
[BlackElo "731"]
[PlyCount "58"]
[EventDate "2013.08.12"]
[EventType "match (corr)"]
[EventRounds "2"]
[EventCountry "GER"]
[SourceTitle "Telechess CBM 163"]
[Source "ChessBase"]
[SourceDate "2014.11.11"]
[SourceVersion "2"]
[SourceVersionDate "2014.11.11"]
[SourceQuality "1"]

1. e4 e5 2. Nf3 Nc6 3. Nc3 Bc5 4. d3 h6 5. Be2 Nf6 6. 0-0 d6 7. b3 0-0 8. h3 Be6 9. Bb2 a6 10. a4 Qd7 11. Qd2 d5 12. exd5 Bxd5 13. Nxd5 Qxd5 14. c4 Qd6 15. Rad1 Rad8 16. Bc3 Rfe8 17. Rfe1 e4 18. dxe4 Nxe4 19. Qxd6 cxd6 20. Bd3 Nxf2 21. Rxe8+ Rxe8 22. Rf1 Nxd3+ 23. Kh1 Re2 24. Nd2 Bb4 25. Bxb4 Ncxb4 26. Nb1 Re1 27. Rxe1 Nxe1 28. Nd2 Kf8 29. Ne4 Ke7 0-1

[Event "RN-2013-0-00683"]
[Site "LSS email"]
[Date "2013.08.15"]
[Round "?"]
[White "Trevis, Robert R"]
[Black "Bengoa Barrena, Josu"]
[Result "1-0"]
[WhiteElo "1040"]
[BlackElo "807"]
[PlyCount "39"]
[EventDate "2013.08.08"]
[EventType "tourn (corr)"]
[EventRounds "6"]
[EventCountry "GER"]
[SourceTitle "Telechess CBM 163"]
[Source "ChessBase"]
[SourceDate "2014.11.11"]
[SourceVersion "2"]
[SourceVersionDate "2014.11.11"]
[SourceQuality "1"]

1. e4 e5 2. Nf3 Nc6 3. d4 d5 4. exd5 Nxd4 5. Nxd4 exd4 6. Bb5+ Bd7 7. Bxd7+ Qxd7 8. Qxd4 Nf6 9. Nc3 b6 10. 0-0 Bd6 11. Re1+ Be7 12. Qe5 0-0 13. Qxe7 Qxe7 14. Rxe7 c5 15. dxc6 Rfe8 16. Rxe8+ Rxe8 17. Bg5 Rc8 18. Bxf6 gxf6 19. Nd5 Kf8 20. c7 1-0

[Event "ZN-2012-0-02010"]
[Site "LSS email"]
[Date "2012.07.28"]
[Round "?"]
[White "Bengoa Barrena, Josu"]
[Black "Huseby, Juan Carlos"]
[Result "1-0"]
[WhiteElo "975"]
[BlackElo "598"]
[PlyCount "105"]
[EventDate "2012.07.21"]
[EventType "match (corr)"]
[EventRounds "2"]
[EventCountry "GER"]
[SourceTitle "Telechess CBM 153"]
[Source "ChessBase"]
[SourceDate "2013.03.14"]
[SourceVersion "1"]
[SourceVersionDate "2013.03.14"]
[SourceQuality "1"]

1. e4 e5 2. Nf3 Bc5 3. Nxe5 Bxf2+ 4. Kxf2 Qh4+ 5. g3 Qxe4 6. Nf3 Ne7 7. Qe2 d5 8. Qxe4 dxe4 9. Nd4 Bg4 10. b3 Nd7 11. Bb5 c6 12. Bc4 Nd5 13. Be2 0-0 14. Bxg4 N7f6 15. Bh3 Rae8 16. Ba3 e3+ 17. dxe3 Nxe3 18. Re1 Neg4+ 19. Bxg4 Nxg4+ 20. Kf1 Nxh2+ 21. Kf2 Ng4+ 22. Kf3 Rxe1 23. Bxf8 Kxf8 24. Kxg4 Re4+ 25. Kf5 Rxd4 26. Nc3 g6+ 27. Ke5 Rg4 28. Kd6 Rxg3 29. Ne2 Rg2 30. Nd4 h5 31. Re1 Rd2 32. c3 Rxa2 33. Re7 Rd2 34. Rxb7 h4 35. Rxa7 h3 36. Kxc6 Rd3 37. Nb5 h2 38. Ra1 Rg3 39. Nd6 Rxc3+ 40. Kd7 Rxb3 41. Ra8+ Kg7 42. Ne8+ Kh6 43. Nd6 h1Q 44. Rh8+ Kg7 45. Rxh1 f5 46. Ne8+ Kg8 47. Nf6+ Kf7 48. Ne8 Rd3+ 49. Nd6+ Kg7 50. Ke7 f4 51. Ne8+ Kg8 52. Nf6+ Kg7 53. Rh7# 1-0

[Event "IECG CP.2002.P.00001 email"]
[Site "IECG email"]
[Date "2002.10.01"]
[Round "?"]
[White "Bengoa Barrena, Josu"]
[Black "Rulla, Bernhard"]
[Result "1-0"]
[WhiteElo "950"]
[BlackElo "938"]
[PlyCount "29"]
[EventDate "2002.10.01"]
[EventType "tourn (corr)"]
[EventRounds "6"]
[EventCountry "AUS"]
[SourceTitle "Corr 2008"]
[Source "ChessBase"]
[SourceDate "2008.06.24"]
[SourceVersion "1"]
[SourceVersionDate "2008.06.24"]
[SourceQuality "1"]

1. e4 c5 2. Nf3 Nc6 3. d4 cxd4 4. Nxd4 Nf6 5. Nc3 e5 6. Ndb5 d6 7. Bg5 a6 8. Bxf6 gxf6 9. Na3 d5 10. Nxd5 Bxa3 11. bxa3 Be6 12. Rb1 Qa5+ 13. Qd2 Qxd2+ 14. Kxd2 0-0-0 15. c4 1-0

[Event "IECG CP.2002.P.00001 email"]
[Site "IECG email"]
[Date "2002.10.01"]
[Round "?"]
[White "Kerr, Stephen GR"]
[Black "Bengoa Barrena, Josu"]
[Result "1-0"]
[WhiteElo "2553"]
[BlackElo "950"]
[PlyCount "55"]
[EventDate "2002.10.01"]
[EventType "tourn (corr)"]
[EventRounds "6"]
[EventCountry "AUS"]
[SourceTitle "Corr 2008"]
[Source "ChessBase"]
[SourceDate "2008.06.24"]
[SourceVersion "1"]
[SourceVersionDate "2008.06.24"]
[SourceQuality "1"]

1. c4 Nf6 2. g3 e5 3. Bg2 d5 4. cxd5 Nxd5 5. Nf3 Nc6 6. 0-0 Be6 7. d4 exd4 8. Nxd4 Nxd4 9. Qxd4 Nb4 10. Qe5 c6 11. Nc3 Qd6 12. Qe4 f5 13. Qf3 Qe7 14. Rd1 Nc2 15. Rb1 Rd8 16. Bf4 g6 17. Rxd8+ Qxd8 18. Rd1 Qb6 19. e4 Be7 20. exf5 Bxf5 21. Qe2 Rf8 22. Bd6 Rf7 23. Qe5 Bd3 24. Ne4 Bxe4 25. Bc5 Qa5 26. Bxe4 Nd4 27. b4 Qxa2 28. Bxd4 1-0

[Event "IECG CN.2001.0.00272"]
[Site "IECG email"]
[Date "2001.12.03"]
[Round "?"]
[White "Bengoa Barrena, Josu"]
[Black "Torre, Leandro"]
[Result "0-1"]
[WhiteElo "985"]
[BlackElo "792"]
[PlyCount "58"]
[EventDate "2001.12.03"]
[EventType "tourn (corr)"]
[EventRounds "6"]
[SourceTitle "Corr 2008"]
[Source "ChessBase"]
[SourceDate "2008.06.24"]
[SourceVersion "1"]
[SourceVersionDate "2008.06.24"]
[SourceQuality "1"]

1. e4 d5 2. exd5 Qxd5 3. Nc3 Qa5 4. Nf3 Nf6 5. Bd3 Bg4 6. h3 Bh5 7. Qe2 e6 8. g4 Bg6 9. Bxg6 hxg6 10. d4 Nc6 11. Bd2 0-0-0 12. Nb5 Qb6 13. 0-0-0 a6 14. Nc3 Nxd4 15. Nxd4 Rxd4 16. Qf3 Rd7 17. Bg5 Rxd1+ 18. Rxd1 Be7 19. Bxf6 Bxf6 20. Rd3 g5 21. b3 Qa5 22. Na4 Rd8 23. Rxd8+ Kxd8 24. Qe3 b6 25. Kd1 Qd5+ 26. Ke2 Bd4 27. c4 Bxe3 28. cxd5 Bd4 29. dxe6 fxe6 0-1

[Event "IECC Swiss email"]
[Site "IECC email"]
[Date "2000.12.13"]
[Round "?"]
[White "Bengoa Barrena, Josu"]
[Black "Van Niekerk, Jan"]
[Result "1/2-1/2"]
[WhiteElo "1000"]
[BlackElo "1039"]
[PlyCount "112"]
[EventDate "2000.??.??"]
[EventType "tourn (corr)"]
[EventRounds "6"]
[SourceTitle "Corr 2008"]
[Source "ChessBase"]
[SourceDate "2008.06.24"]
[SourceVersion "1"]
[SourceVersionDate "2008.06.24"]
[SourceQuality "1"]

1. e4 e5 2. Nf3 Nc6 3. Bb5 a6 4. Ba4 b5 5. Bb3 Nf6 6. Ng5 d5 7. exd5 Na5 8. Qe2 Nxb3 9. Qxe5+ Be7 10. axb3 0-0 11. Ne4 Nxd5 12. 0-0 c6 13. Re1 f5 14. Nec3 Bd6 15. Qe2 Nc7 16. Qh5 Ne6 17. d3 Bd7 18. Be3 b4 19. Na4 c5 20. g3 g6 21. Qf3 f4 22. gxf4 Bxf4 23. Qg2 Qg5 24. Qxg5 Bxg5 25. Nb6 Ra7 26. Nxd7 Rxd7 27. Rxa6 Bxe3 28. fxe3 Re8 29. Rf1 Nc7 30. Ra5 Rxe3 31. Nd2 Ne6 32. Ne4 Kg7 33. Nxc5 Rc7 34. Kf2 Re5 35. Nxe6+ Rxe6 36. Rc1 Rf7+ 37. Kg1 Re2 38. Rg5 Rff2 39. h3 h6 40. Rg4 h5 41. Rg3 Rxc2 42. Rxc2 Rxc2 43. Rg2 Rc1+ 44. Kf2 Rh1 45. Rg3 Rh2+ 46. Ke1 Rxb2 47. d4 Kf6 48. Kd1 Rh2 49. Kc1 Kf5 50. d5 Ke5 51. Rg5+ Ke4 52. d6 Rxh3 53. Rxg6 Rc3+ 54. Kd2 Rd3+ 55. Ke2 Rd5 56. Rh6 Kf4 1/2-1/2

[Event "IECG TE.2000.P.00405 email"]
[Site "IECG email"]
[Date "2000.07.15"]
[Round "?"]
[White "Bengoa Barrena, Josu"]
[Black "Sarobe, Raul"]
[Result "0-1"]
[WhiteElo "914"]
[BlackElo "2167"]
[PlyCount "50"]
[EventDate "2000.07.15"]
[EventType "tourn (corr)"]
[EventRounds "12"]
[SourceTitle "Corr 2008"]
[Source "ChessBase"]
[SourceDate "2008.06.24"]
[SourceVersion "1"]
[SourceVersionDate "2008.06.24"]
[SourceQuality "1"]

1. e4 e5 2. Nf3 Nc6 3. Bc4 Nf6 4. Ng5 Bc5 5. Bxf7+ Ke7 6. Bc4 Rf8 7. f3 d6 8. Nc3 h6 9. Nh3 Bxh3 10. gxh3 Nh5 11. d3 Kd7 12. Qe2 Qh4+ 13. Kd1 Qxh3 14. f4 Nd4 15. Qf1 Qg4+ 16. Ne2 Nxf4 17. Bxf4 Rxf4 18. Qe1 Raf8 19. h3 Qh5 20. Rg1 g5 21. c3 Nxe2 22. Qxe2 Rf1+ 23. Rxf1 Rxf1+ 24. Kd2 Qxe2+ 25. Kxe2 Rxa1 0-1

[Event "IECG TE.2000.P.00405 email"]
[Site "IECG email"]
[Date "2000.07.15"]
[Round "?"]
[White "Horak, Jiri"]
[Black "Bengoa Barrena, Josu"]
[Result "1-0"]
[WhiteElo "2256"]
[BlackElo "914"]
[PlyCount "81"]
[EventDate "2000.07.15"]
[EventType "tourn (corr)"]
[EventRounds "12"]
[SourceTitle "Corr 2008"]
[Source "ChessBase"]
[SourceDate "2008.06.24"]
[SourceVersion "1"]
[SourceVersionDate "2008.06.24"]
[SourceQuality "1"]

1. e4 e5 2. Nf3 Nc6 3. Bc4 Nf6 4. Ng5 Bc5 5. Bxf7+ Ke7 6. Bb3 Rf8 7. 0-0 h6 8. Nf3 Nxe4 9. Qe2 d5 10. d3 Nxf2 11. Rxf2 Bxf2+ 12. Qxf2 Nd4 13. Qh4+ Kd6 14. Qxd8+ Rxd8 15. Nxd4 exd4 16. Bf4+ Kc6 17. Nd2 a5 18. a4 Re8 19. Nf3 g5 20. Nxd4+ Kb6 21. Bg3 c6 22. Rf1 h5 23. Rf6 h4 24. Bf2 Kc7 25. Rg6 Re5 26. Nf3 Re8 27. Nxg5 Rh8 28. Nf3 h3 29. Rg7+ Kb8 30. Bg3+ Ka7 31. Nd4 Rh6 32. Bf4 Rf6 33. Be3 Ka6 34. c4 Bf5 35. Nxf5 Rxf5 36. cxd5 Re5 37. Bd4 Re1+ 38. Kf2 Rc1 39. dxc6 Rf8+ 40. Kg3 hxg2 41. Bc4+ 1-0

[Event "IECG CN.2000.0.00196"]
[Site "IECG email"]
[Date "2000.05.20"]
[Round "?"]
[White "Bengoa Barrena, Josu"]
[Black "Ferroni, Claudio"]
[Result "1-0"]
[WhiteElo "800"]
[BlackElo "917"]
[PlyCount "31"]
[EventDate "2000.05.20"]
[EventType "tourn (corr)"]
[EventRounds "6"]
[SourceTitle "Corr 2008"]
[Source "ChessBase"]
[SourceDate "2008.06.24"]
[SourceVersion "1"]
[SourceVersionDate "2008.06.24"]
[SourceQuality "1"]

1. e4 e5 2. f4 exf4 3. Nf3 d6 4. d4 Bg4 5. Be2 h6 6. Nc3 c6 7. Bxf4 Bxf3 8. Bxf3 g5 9. Bg3 Bg7 10. 0-0 f6 11. Bh5+ Kd7 12. e5 d5 13. Qg4+ Ke7 14. exf6+ Nxf6 15. Rae1+ Kf8 16. Qe6 1-0

[Event "IECG QN.2000.0.00097"]
[Site "IECG email"]
[Date "2000.02.14"]
[Round "?"]
[White "Kosugi, Yuji"]
[Black "Bengoa Barrena, Josu"]
[Result "0-1"]
[WhiteElo "800"]
[BlackElo "800"]
[PlyCount "44"]
[EventDate "2000.02.14"]
[EventType "tourn (corr)"]
[EventRounds "6"]
[SourceTitle "Corr 2008"]
[Source "ChessBase"]
[SourceDate "2008.06.24"]
[SourceVersion "1"]
[SourceVersionDate "2008.06.24"]
[SourceQuality "1"]

1. d4 d5 2. c4 e6 3. Nc3 Nc6 4. cxd5 exd5 5. e4 dxe4 6. Nxe4 Qxd4 7. Qxd4 Nxd4 8. Kd1 Bf5 9. Bd3 0-0-0 10. Nd6+ Bxd6 11. Bxf5+ Nxf5 12. Nf3 Nf6 13. Bg5 Rhe8 14. g4 Nh6 15. h3 Bf4+ 16. Kc2 Re2+ 17. Kb3 Rd3+ 18. Kc4 Rxf3 19. Bxf4 Re4+ 20. Kc5 Rfxf4 21. Rhd1 Re5+ 22. Rd5 Rxd5# 0-1